[Event "San Sebastian op 19th"]
[Site "San Sebastian"]
[Date "2006.04.12"]
[Round "6.20"]
[White "Cruz Lopez Claret, Carlos"]
[Black "Vilarnovo Caamano, Jose"]
[Result "1/2-1/2"]
[WhiteElo "2302"]
[BlackElo "2159"]
[PlyCount "46"]
[EventDate "2006.04.08"]
[EventType "swiss"]
[EventRounds "9"]
[EventCountry "ESP"]
[SourceTitle "CBM 111 Extra"]
[Source "ChessBase"]
[SourceDate "2006.05.09"]
[SourceVersion "1"]
[SourceVersionDate "2006.05.09"]
[SourceQuality "1"]

1. d4 f5 2. g3 e6 3. Bg2 Nf6 4. Nf3 Be7 5. 0-0 0-0 6. c4 d6 7. Nc3 Qe8 8. Re1 Qg6 9. e4 fxe4 10. Nxe4 Nxe4 11. Rxe4 Nc6 12. Qe2 Bf6 13. Bd2 e5 14. dxe5 dxe5 15. Bc3 Bf5 16. Nh4 Bxh4 17. Rxh4 Rae8 18. c5 e4 19. Re1 Ne5 20. Bd4 Re7 21. b4 Rfe8 22. Rf4 Qe6 23. h4 c6 1/2-1/2

[Event "Linares Anibal op 11th"]
[Site "Linares"]
[Date "2005.03.01"]
[Round "6"]
[White "Navarro Segura, Roberto"]
[Black "Vilarnovo Caamano, Jose"]
[Result "1-0"]
[WhiteElo "2241"]
[BlackElo "2088"]
[PlyCount "121"]
[EventDate "2005.02.25"]
[EventType "swiss"]
[EventRounds "9"]
[EventCountry "ESP"]
[SourceTitle "CBM 105 Extra"]
[Source "ChessBase"]
[SourceDate "2005.05.01"]
[SourceVersion "1"]
[SourceVersionDate "2005.05.01"]
[SourceQuality "1"]

1. e4 c5 2. Nf3 Nc6 3. d4 cxd4 4. Nxd4 Nf6 5. Nc3 e5 6. Ndb5 d6 7. Bg5 a6 8. Na3 b5 9. Nd5 Be7 10. Bxf6 Bxf6 11. c3 Bg5 12. Nc2 Rb8 13. Be2 0-0 14. 0-0 Be6 15. Nce3 Bxe3 16. Nxe3 Ne7 17. Qc2 g6 18. Rfd1 Qb6 19. Bg4 f5 20. Bh3 Rbd8 21. Qe2 Rf6 22. Rd2 Rdf8 23. exf5 gxf5 24. Kh1 Rh6 25. Rad1 Bc8 26. f3 Bb7 27. c4 Rhf6 28. Qf2 Kh8 29. b3 Ng6 30. cxb5 axb5 31. Nd5 Qxf2 32. Rxf2 Bxd5 33. Rxd5 Rc8 34. g3 Rc5 35. Rfd2 Ne7 36. Rxc5 dxc5 37. Rd7 Nc6 38. Rd5 c4 39. Rxb5 cxb3 40. axb3 Kg7 41. b4 Kg6 42. Rb6 Nd4 43. Rxf6+ Kxf6 44. Kg2 Ke6 45. Kf2 Kd5 46. Bf1 Nc2 47. b5 Kc5 48. g4 fxg4 49. fxg4 Nd4 50. h4 Kd6 51. Ke3 Ke6 52. Ke4 Kf6 53. b6 Ne6 54. Kd5 Nd8 55. Bd3 h6 56. Ba6 Ne6 57. Bc8 Nd8 58. b7 Nxb7 59. Bxb7 h5 60. g5+ Kf5 61. Bc8+ 1-0

[Event "Benidorm Bali op-A"]
[Site "Benidorm"]
[Date "2003.11.22"]
[Round "2"]
[White "Zurmely, Frank"]
[Black "Vilarnovo Caamano, Jose"]
[Result "1-0"]
[WhiteElo "2235"]
[BlackElo "2081"]
[PlyCount "75"]
[EventDate "2003.11.21"]
[EventType "swiss"]
[EventRounds "9"]
[EventCountry "ESP"]
[SourceTitle "CBM 097 Extra"]
[Source "ChessBase"]
[SourceDate "2004.01.13"]
[SourceVersion "1"]
[SourceVersionDate "2004.01.13"]
[SourceQuality "1"]

1. e4 c5 2. Nf3 Nc6 3. Nc3 Nf6 4. Bb5 d6 5. 0-0 Bg4 6. h3 Bh5 7. Re1 Nd7 8. Nd5 Nd4 9. Bf1 Nxf3+ 10. gxf3 e6 11. Nf4 Qg5+ 12. Ng2 Qf6 13. Re3 a6 14. c3 Ne5 15. Be2 g5 16. d4 Ng6 17. Qa4+ Ke7 18. e5 dxe5 19. Qa5 Qf5 20. dxe5 Nxe5 21. Qxc5+ Kf6 22. Qd4 Bc5 23. Qxc5 Nxf3+ 24. Rxf3 Bxf3 25. Qxf5+ exf5 26. Bxf3 f4 27. Bxb7 Rad8 28. h4 h6 29. hxg5+ hxg5 30. b3 Kf5 31. Ba3 Rd3 32. Bc6 Rhd8 33. Re1 Kg4 34. c4 Kh3 35. Be7 Rg8 36. Be4 Rd2 37. c5 Kg4 38. c6 1-0

[Event "Benidorm Bali op-A"]
[Site "Benidorm"]
[Date "2003.11.21"]
[Round "1"]
[White "Vilarnovo Caamano, Jose"]
[Black "Nunez, Alberto"]
[Result "0-1"]
[WhiteElo "2081"]
[BlackElo "2205"]
[PlyCount "54"]
[EventDate "2003.11.21"]
[EventType "swiss"]
[EventRounds "9"]
[EventCountry "ESP"]
[SourceTitle "CBM 097 Extra"]
[Source "ChessBase"]
[SourceDate "2004.01.13"]
[SourceVersion "1"]
[SourceVersionDate "2004.01.13"]
[SourceQuality "1"]

1. e4 c5 2. Nf3 Nc6 3. d4 cxd4 4. Nxd4 Nf6 5. Nc3 e5 6. Ndb5 d6 7. Bg5 a6 8. Na3 b5 9. Bxf6 gxf6 10. Nd5 f5 11. c3 Bg7 12. Bd3 Be6 13. Qh5 f4 14. Nc2 0-0 15. g3 f5 16. Ncb4 Nxb4 17. Nxb4 a5 18. Nc6 Qc7 19. exf5 Bd5 20. Bxb5 Bxh1 21. f3 e4 22. Qg5 Kh8 23. Ne7 Bxc3+ 24. bxc3 Qxc3+ 25. Kf2 Qxf3+ 26. Ke1 Qc3+ 27. Kf2 Qd4+ 0-1

[Event "Mirabal rapid op 4th"]
[Site "Mirabal"]
[Date "2001.05.05"]
[Round "2"]
[White "Hernandez Guerrero, Gilberto Eduardo"]
[Black "Vilarnovo Caamano, Jose"]
[Result "1-0"]
[WhiteElo "2567"]
[BlackElo "2134"]
[PlyCount "67"]
[EventDate "2001.05.05"]
[EventType "swiss (rapid)"]
[EventRounds "9"]
[EventCountry "ESP"]
[SourceTitle "CBM 082 Extra"]
[Source "ChessBase"]
[SourceDate "2001.07.03"]
[SourceVersion "1"]
[SourceVersionDate "2001.07.03"]
[SourceQuality "1"]

1. e4 c5 2. Nc3 Nc6 3. Nf3 g6 4. d4 cxd4 5. Nxd4 Bg7 6. Be3 d6 7. Qd2 Nf6 8. f3 0-0 9. Bc4 Bd7 10. 0-0-0 Ne5 11. Be2 Rc8 12. Kb1 Nc4 13. Bxc4 Rxc4 14. g4 Qa5 15. g5 Nh5 16. Nd5 Qd8 17. Ne2 Be6 18. Bxa7 Bxd5 19. Qxd5 Qc7 20. Bb6 Qc8 21. c3 Ra4 22. Bd4 Qh3 23. Ng3 Rfa8 24. a3 Nxg3 25. hxg3 Qxg3 26. Bxg7 R8a5 27. Qxb7 Kxg7 28. Qxe7 Qxf3 29. Rde1 Re5 30. Qxd6 Rxg5 31. e5 Qf5+ 32. Ka2 Rg2 33. e6 Qf2 34. Qe5+ 1-0

[Event "Benasque op 18th"]
[Site "Benasque"]
[Date "1998.??.??"]
[Round "?"]
[White "Vilarnovo Caamano, Jose"]
[Black "Izeta Txabarri, Felix"]
[Result "0-1"]
[WhiteElo "2130"]
[BlackElo "2475"]
[PlyCount "60"]
[EventDate "1998.07.??"]
[EventType "swiss"]
[EventRounds "9"]
[EventCountry "ESP"]
[SourceTitle "EXT 2002"]
[Source "ChessBase"]
[SourceDate "2001.11.25"]
[SourceVersion "1"]
[SourceVersionDate "2001.11.25"]
[SourceQuality "1"]

1. e4 c6 2. d4 d5 3. Nd2 dxe4 4. Nxe4 Bf5 5. Ng3 Bg6 6. h4 h6 7. Nf3 Nd7 8. h5 Bh7 9. Bd3 Bxd3 10. Qxd3 Qc7 11. Bd2 e6 12. b4 Ngf6 13. c4 Bd6 14. Kf1 Bxg3 15. fxg3 Qxg3 16. Rh3 Qd6 17. Rh4 0-0 18. Re1 Rfd8 19. Qc3 b5 20. Ne5 bxc4 21. Qxc4 Nxe5 22. dxe5 Qxd2 23. exf6 Qg5 24. fxg7 Rd2 25. Qg4 Rxa2 26. Qxg5 hxg5 27. Rg4 Kxg7 28. Rxg5+ Kh6 29. Rg3 a5 30. bxa5 R8xa5 0-1